000 01439cam a22003494a 4500
999 _c41380
_d41380
001 13382239
003 OSt
005 20211220112531.0
008 031023s2004 nyua b 001 0 eng
010 _a 2003064705
020 _a0195172787 (cloth : alk. paper)
020 _a0195172795 (pbk. : alk. paper)
040 _aDLC
_cDLC
_dDLC
042 _apcc
050 0 0 _aRC564.15
_b.W54 2004
082 0 0 _a616.86
_bGAI/H
100 1 _aWinger, Gail
_98939
245 1 2 _aA handbook on drug and alcohol abuse :
_bthe biomedical aspects /
_cGail Winger, James H. Woods ; Frederick G. Hofmann.
250 _a4th ed.
260 _aNew York :
_bOxford University Press,
_c2004.
300 _axii, 181 p. :
_bill. ;
_c24 cm.
504 _aIncludes bibliographical references and index.
650 0 _aDrug abuse
_vHandbooks, manuals, etc.
650 0 _aAlcoholism
_vHandbooks, manuals, etc.
700 1 _aWoods, James H.
_98940
700 1 _aHofmann, Frederick G.
_98941
856 4 2 _3Publisher description
_uhttp://www.loc.gov/catdir/enhancements/fy0615/2003064705-d.html
856 4 1 _3Table of contents only
_uhttp://www.loc.gov/catdir/enhancements/fy0615/2003064705-t.html
906 _a7
_bcbc
_corignew
_d1
_eocip
_f20
_gy-gencatlg
942 _2ddc
_cBK
_h616.86
_kGAI/H